Differential games : theory and method for solving game problems with singular surfaces

Αποθηκεύτηκε σε:
Λεπτομέρειες βιβλιογραφικής εγγραφής
Κύριος συγγραφέας: Lewin, Joseph 1935-
Μορφή: Βιβλίο
Γλώσσα:English
Δημοσίευση: London : Springer-Verlag, 1994
Θέματα:
Ετικέτες: Προσθήκη ετικέτας
Δεν υπάρχουν, Καταχωρήστε ετικέτα πρώτοι!

MARC

LEADER 00000nam a2200000 i 4500
001 1/77840
008 990512s1994 eng d
020 |a 3-540-19841-5 
035 |l 10050013 
040 |a GR-MY-UA  |b gre  |e aacr 
041 0 |a eng 
082 0 |a 519.3 
100 1 |a Lewin, Joseph  |d 1935- 
245 1 0 |a Differential games :  |b theory and method for solving game problems with singular surfaces /  |c Joseph Lewin 
260 |a London :   |b Springer-Verlag,   |c 1994 
300 |a xx, 242 p.;  |b ill.;  |c 24 cm. 
500 |a Includes bibliographical references and index 
650 0 0 |a Differential games. 
852 |a INST  |b SAMOS  |e 19990512  |h 519.3 LEW  |p 005300014757  |q 005300014757  |t BK  |y 0 
901 |a BIBL3-1999-2 
909 |a Σ  |b 064621 
922 |a 3ΕΛΗ  |b 199902  |c ΚΠΣ  |d GLORY